00951nam a2200181Ia 450000500170000000800410001702000180005808200210007610000630009724501010016026000270026130000130028865000660030194200070036799900190037495201860039395201900057920250329113302.0231217s9999 xx 000 0 und d a9788131412695 a658.04 GUP;1 R aGupta, Vipin. Lerenbury, Nancy. Moore, Lynoc, L [et al...] 0aCulturally sensitive models of gender in family business : a compendium using the globe paradigm c2008bIcfaiaHyderabad axvi, 243 aCulturally,sensitive,business,compendium,using,globe,paradigm cAA c188984d188984 r2024-01-26 00:00:00l0o658.04 GUP;1 Rp65757W0v38.00w2024-01-26yAAz657571040708CL00K1993L25/02/2014aMLbMLcCLd2010-09-25eICFAI Pressg38.00EMBAGRSF1V0URupees r2024-01-26 00:00:00l0o658.04 GUP;2 R1p65758W0v38.00w2024-01-26yAAz657581040708FBA00K1993L25/02/2014aMLbMLcFBLAd2010-09-25eICFAI Pressg38.00EMBAGRSF1V0URupees